[Event "Nachodsko-ch"]
[Site "Nachod"]
[Date "2001.??.??"]
[Round "5"]
[White "Pinkava, Josef"]
[Black "Moller, Kamil"]
[Result "1-0"]
[WhiteElo "1880"]
[BlackElo "1875"]
[PlyCount "161"]
[EventDate "2001.??.??"]
[EventType "tourn"]
[EventRounds "13"]
[EventCountry "CZE"]
[SourceTitle "EXT 2007"]
[Source "ChessBase"]
[SourceDate "2006.11.23"]
[SourceVersion "1"]
[SourceVersionDate "2006.11.23"]
[SourceQuality "1"]

1. e4 e5 2. Nf3 Nf6 3. d3 Nc6 4. Bg5 Be7 5. Nc3 h6 6. Bxf6 Bxf6 7. Be2 d6 8. 0-0 g5 9. Nd5 Bg7 10. Ne1 Nd4 11. Bg4 Bxg4 12. Qxg4 h5 13. Qd1 Qd7 14. c3 Ne6 15. a4 c6 16. Ne3 0-0-0 17. b4 Nc7 18. c4 d5 19. cxd5 cxd5 20. N1c2 Kb8 21. b5 d4 22. Nf5 Bf8 23. Qb1 Nd5 24. Qb3 Nc3 25. Na3 Bc5 26. Nc4 f6 27. b6 a6 28. a5 h4 29. f3 g4 30. Qb2 Rdg8 31. Kh1 g3 32. h3 Nd5 33. Qb3 Nf4 34. Kg1 Rg5 35. Ra2 Rxf5 36. exf5 Qxf5 37. Rd2 Qe6 38. Qc2 Rc8 39. Qb1 Bf8 40. Re1 Bh6 41. Rb2 Nd5 42. Rc2 Rc5 43. Rb2 Nc3 44. Qa1 Rxc4 45. dxc4 d3 46. Qa3 d2 47. Qxc3 dxe1Q+ 48. Qxe1 Qxc4 49. Qd1 Be3+ 50. Kh1 Bd4 51. Rc2 Qb4 52. Qc1 Qf8 53. Rc7 Qd8 54. Rh7 Bc3 55. Rxh4 Bxa5 56. Qc7+ Qxc7 57. bxc7+ Bxc7 58. Kg1 f5 59. Kf1 f4 60. Rh8+ Ka7 61. h4 a5 62. Ke2 a4 63. Kd1 Bb6 64. Kc1 a3 65. Kb1 Bd4 66. Re8 b5 67. h5 b4 68. Ka2 Kb6 69. h6 Kb5 70. Kb3 Kc6 71. h7 e4 72. Rxe4 Bh8 73. Rxf4 Kd5 74. Rf8 Bg7 75. h8Q Bxh8 76. Rxh8 Kd4 77. Re8 a2 78. Kxa2 Kc3 79. Kb1 b3 80. f4 b2 81. f5 1-0